Focus sur: Roi Gobelin - Tolkien - Statistiques

Statistiques générales
  • Ce quiz a été pris 33 fois
  • Le résultat moyen est 5 sur 7
Statistiques - réponses
Informations recherchées Réponses % Correct
Espèce Gobelin
100%
Profession et titre Roi des gobelins
100%
Age durant lequel elle vécut Troisième
100%
Première apparition Le Hobbit
97%
Contrée Monts Brumeux
55%
Cité Gobelinville
45%
Acteur l'interprétant dans les films Barry Humphries
10%
Aucun quiz correspondant
Distribution des résultats
% des personnes avec chaque résultat
Percentile par nombre de réponses
Votre historique - résultats
Vous n’avez pas pris ce quiz